Schaum's outline of theory and problems of statistics in SI units (Record no. 80336)

MARC details
000 -LEADER
fixed length control field 00859nam a2200169 a 4500
008 - FIXED-LENGTH DATA ELEMENTS--GENERAL INFORMATION
fixed length control field 120416s1972 ||||||||||||||||| || u
050 ## - LIBRARY OF CONGRESS CALL NUMBER
Classification number HA 29 Spi
100 ## - MAIN ENTRY--PERSONAL NAME
Personal name Spiegel, Murray R
245 10 - TITLE STATEMENT
Title Schaum's outline of theory and problems of statistics in SI units
260 ## - PUBLICATION, DISTRIBUTION, ETC.
Place of publication, distribution, etc. New York:
Name of publisher, distributor, etc. McGraw-Hill
Date of publication, distribution, etc. 1972
300 ## - PHYSICAL DESCRIPTION
Extent vii, 359p. : ill.
350 ## -
-- 0.00
650 #3 - SUBJECT ADDED ENTRY--TOPICAL TERM
Topical term or geographic name entry element P0PULATION STATISTICS
995 ## -
-- MAIN LIBRARY OPEN ACCESS
-- 0.00
-- 719605
-- CBU-MAIN LIBRARY (Kitwe)
-- 4
-- 0.00
-- HA 29 Spi
-- 2
-- AVAILABLE
-- 000256
-- Main Library Open Access Collection
995 ## -
-- BINDERY (DAMAGED)
-- 0.00
-- 711541
-- CBU-MAIN LIBRARY (Kitwe)
-- 2
-- 0.00
-- HA 29 Spi
-- 3
-- DAMAGED
-- 000257
-- Main Library Open Access Collection
995 ## -
-- MAIN LIBRARY OPEN ACCESS
-- 0.00
-- 719604
-- CBU-MAIN LIBRARY (Kitwe)
-- 3
-- 0.00
-- HA 29 Spi
-- 1
-- AVAILABLE
-- 000255
-- Main Library Open Access Collection
999 ## -
-- 80336
-- 80336
Holdings
Withdrawn status Lost status Source of classification or shelving scheme Damaged status Not for loan Permanent Location Current Location Shelving location Date acquired Total Checkouts Full call number Barcode Date last seen Copy number Price effective from Koha item type
          CBU-MAIN LIBRARY, KITWE. CBU-MAIN LIBRARY, KITWE.   06/29/2023   HA 29 Spi 000256 06/29/2023 1 06/29/2023 MONOGRAPH
          CBU-MAIN LIBRARY, KITWE. CBU-MAIN LIBRARY, KITWE.   06/29/2023   HA 29 Spi 000257 06/29/2023 2 06/29/2023 MONOGRAPH
          CBU-MAIN LIBRARY, KITWE. CBU-MAIN LIBRARY, KITWE.   06/29/2023   HA 29 Spi 000255 06/29/2023 3 06/29/2023 MONOGRAPH